| 000 | 01062nam a22002417a 4500 | ||
|---|---|---|---|
| 999 |
_c22408 _d22408 |
||
| 003 | AR-CdUCM | ||
| 008 | 190223b ||||| |||| 00| 0 spa d | ||
| 020 | _a9786123170424 | ||
| 040 |
_aMUNICIPALIDAD PROVINCIAL DEL CUSCO _cBIBLIOTECA MUNICIPAL DEL CUSCO |
||
| 082 |
_a985.009 / _bP34 |
||
| 100 |
_aPease G. Y., Franklin _91834 |
||
| 245 |
_aDel tawantinsuyu a la historia del Perú / _cFranklin Pease G.Y. |
||
| 260 |
_aLima : _bPontificia Universidad Católica del Perú, _c2020. |
||
| 300 |
_a265 páginas ; _c21 cm. |
||
| 505 | _aContenido: Las fuentes del XVI y la formación del Tahuantinsuyo. Mecanismos de colonización y relación con las unidades étnicas. Cambios en el reino Lupaca (1567-1661). Collaguas: una etnia del siglo XVI. Derroteros andinos. La historia del Perú. | ||
| 650 |
_aHistoria del Perú _9259 |
||
| 650 |
_aTawantinsuyu _91835 |
||
| 650 |
_aInkas _91899 |
||
| 650 |
_aLa conquista del Perú _91837 |
||
| 650 |
_aÉpoca Prehispánica _92714 |
||
| 710 |
_aPontificia Universidad Católica del Perú _9400 |
||
| 942 |
_2ddc _cLIBROS |
||